Đường thi quốc âm cổ bản

Đường thi Quốc âm cổ bản là một tài liệu quý cho những ai yêu thích, học tập và nghiên cứu thơ Đường. Ấn bản bao gồm 279 bản dịch thơ kèm chữ Hán, chữ Nôm và phụ bản các trang sách cổ còn tươi nét bút cổ nhân. Đây cũng là lần đầu ti...

全面介紹

Đã lưu trong:
書目詳細資料
格式: 圖書
語言:Undetermined
出版: Thành phố Hồ Chí Minh Tổng hợp Thành phố Hồ Chí Minh 2017
主題:
標簽: 添加標簽
沒有標簽, 成為第一個標記此記錄!
Thư viện lưu trữ: Trung tâm Học liệu Trường Đại học Cần Thơ
LEADER 01275nam a2200193Ia 4500
001 CTU_220775
008 210402s9999 xx 000 0 und d
020 |c 170000 
082 |a 895.11 
082 |b Đ561 
245 0 |a Đường thi quốc âm cổ bản 
245 0 |c Nguyễn Xuân Diện, Trần Ngọc Đông (Sưu tập và biên dịch) 
260 |a Thành phố Hồ Chí Minh 
260 |b Tổng hợp Thành phố Hồ Chí Minh 
260 |c 2017 
520 |a Đường thi Quốc âm cổ bản là một tài liệu quý cho những ai yêu thích, học tập và nghiên cứu thơ Đường. Ấn bản bao gồm 279 bản dịch thơ kèm chữ Hán, chữ Nôm và phụ bản các trang sách cổ còn tươi nét bút cổ nhân. Đây cũng là lần đầu tiên công bố những bản Đường thi dịch ra Quốc âm (chữ Nôm) do các nhà nho Việt Nam chuyển ngữ, được chép trong 6 bản sách cổ lưu trữ tại Viện nghiên cứu Hán Nôm. 
650 |a Thơ Trung Quốc,Chinese poetry 
904 |i Anh Khoa,Hải 
980 |a Trung tâm Học liệu Trường Đại học Cần Thơ